Music Quiz

Random Music or This or That Quiz
Score 0/13 Timer 00:30
3 Plays Today
Question Answer Wrong Answers
Born to Run Bruce Springsteen
80.8%
Bruce Cockburn
2.8%
ABC The Jackson 5
80.3%
Jackson Browne
3.2%
Iron Man Black Sabbath
74.3%
Black Crowes
8.4%
I Got You (I Feel Good) James Brown
73.3%
James Taylor
10%
Iris Goo Goo Dolls
72.4%
Lady Gaga
10.4%
Clint Eastwood Gorillaz
71.2%
The Monkees
11.5%
White Wedding Billy Idol
71%
Billy Joel
12%
Get Up, Stand Up Bob Marley
70.6%
Bob Dylan
12.3%
My Sweet Lord George Harrison
69.3%
George Michael
13.3%
Cars Gary Numan
69%
Gary U.S. Bonds
12.4%
Maybellene Chuck Berry
66.6%
Chuck Willis
15.4%
Big Girls Don't Cry The Four Seasons
59.2%
The Four Tops
23.6%
Eve of Destruction Barry McGuire
57.5%
Barry White
23.3%
Remove Ads.
Support Sporcle.
Get the best of Sporcle when you Go Orange. This ad-free experience offers more features, more stats, and more fun while also helping to support Sporcle. Thank you for becoming a member.

You're not logged in!

Compare scores with friends on all Sporcle quizzes.
OR
Log In

Show Comments

Extras

Top Quizzes Today


Score Distribution

Your Account Isn't Verified!

In order to create a playlist on Sporcle, you need to verify the email address you used during registration. Go to your Sporcle Settings to finish the process.

Report this User

Report this user for behavior that violates our Community Guidelines.

Details: